| 000 | 00973cam a2200253 4500 | ||
|---|---|---|---|
| 001 | X111169 | ||
| 008 | 000000n2001 000 0 eng u | ||
| 035 | _a(Sirsi) u111169 | ||
| 245 | _aParis | ||
| 260 | _c2001 | ||
| 490 |
_aProperty Week _v66(8) 23 February 2001, 57-68(6) |
||
| 520 | _aSpecial feature on the commercial property market in Paris. Discusses on the Paris's largest mixed-use schemes to be located in Place Vendome; covers the activity of the office market in 2000; and predicts the retail market will stablise. Tasbles. Graphs. | ||
| 590 | _aABS | ||
| 650 | _aPARIS | ||
| 650 | _aPROPERTY-COMMERCIAL PROPERTY-OFFICE PROPERTY-OFFICE PROPERTY MARKET | ||
| 650 | _aPROPERTY-COMMERCIAL PROPERTY-RETAIL PROPERTY-RETAIL PROPERTY MARKET | ||
| 650 | _aMIXED-USE DEVELOPMENTS | ||
| 650 | _aRENTS | ||
| 650 | _aYIELDS | ||
| 650 | _aEUROPE | ||
| 650 | _aSTATISTICS | ||
| 690 | _aPROPERTY-COMMERCIAL PROPERTY-COMMERCIAL PROPERTY MARKET | ||
| 942 | _n0 | ||
| 999 |
_c66226 _d66226 |
||